О выборе твёрдого сплава для оснащения свёрл; Технология и автоматизация машиностроения; № 21

Bibliographische Detailangaben
Parent link:Технология и автоматизация машиностроения: республиканский межведомственный научно-технический сборник
№ 21.— 1978.— С. 8-11
1. Verfasser: Виноградов А. А.
Sprache:Russisch
Veröffentlicht: 1978
Schlagworte:
Format: MixedMaterials Buchkapitel
KOHA link:https://koha.lib.tpu.ru/cgi-bin/koha/opac-detail.pl?biblionumber=593994

MARC

LEADER 00000naa0a2200000 4500
001 593994
005 20241212123607.0
035 |a (RuTPU)RU\TPU\tpu\8041 
090 |a 593994 
100 |a 20020118d1978 k||y0rusy50 ca 
101 |a rus 
102 |a RU 
200 1 |a О выборе твёрдого сплава для оснащения свёрл  |f А. А. Виноградов 
461 |t Технология и автоматизация машиностроения   |o республиканский межведомственный научно-технический сборник 
463 |t № 21  |v С. 8-11  |d 1978 
610 1 |a режущий инструмент 
610 1 |a сверла 
610 1 |a труды учёных ТПУ 
700 1 |a Виноградов  |b А. А. 
801 0 |a RU  |b 63413507  |c 20020118  |g PSBO 
801 2 |a RU  |b 63413507  |c 20090923  |g RCR 
942 |c CR